| 000 | 00758nam a22002657a 4500 | ||
|---|---|---|---|
| 005 | 20200904144121.0 | ||
| 008 | 200904b xxu||||| |||| 00| 0 spa d | ||
| 020 | _a9788491712954 | ||
| 041 | _aspa | ||
| 082 | _a005.43 N973s | ||
| 100 |
_aNúñez Rodríguez, María de las Mercedes _958308 |
||
| 100 |
_aNieto Santos, Silvia _958309 |
||
| 245 | _aSistemas operativos en red | ||
| 260 | _aEspaña | ||
| 260 | _bSíntesis | ||
| 260 | _c2019 | ||
| 300 | _a278 páginas | ||
| 650 |
_aSISTEMAS OPERATIVOS EN RED _958310 |
||
| 650 |
_aINSTALACIÓN DE SISTEMAS _958311 |
||
| 650 |
_aLINUX _96509 |
||
| 650 |
_aWINDOWS SERVER _958312 |
||
| 650 |
_aADMINISTRACIÓN DE USUARIOS _927033 |
||
| 650 |
_aTECNOLOGÍAS DE LA INFORMACIÓN _97073 |
||
| 942 | _cBK | ||
| 999 |
_c12708 _d12708 |
||